LEADER 01351nam0-22003371i-450- 001 990001096490403321 005 20070108171658.0 010 $a0-444-87113-6 035 $a000109649 035 $aFED01000109649 035 $a(Aleph)000109649FED01 035 $a000109649 100 $a20001205d1988----km-y0itay50------ba 101 0 $aeng 200 1 $aFrontiers and borderlines in many-particle physics$eproceedings of the International School of Physics "Enrico Fermi", Course 104, Varenna on Lake Como, Villa Monastero, 7 - 17 July 1987$fedited by R.A. Broglia and J.R. Schrieffer, directors of the Course 210 $aAmsterdam [etc.]$cNorth-Holland$aBologna$cSocietā Italiana di Fisica$d1988 215 $aIX, 460 p., [1] c. di tav. ritr.$d25 cm 300 $aIn testa al front.: Italian Physical Society. - Front. anche in italiano. 610 0 $aScuole di fisica 676 $a530.143 702 1$aBroglia,$bR.A. 702 1$aSchrieffer,$bJ. R. 710 02$aScuola internazionale di fisica Enrico Fermi$012861 712 02$aScuola internazionale di fisica Enrico Fermi$d<104. ;$f1987 ;$eVarenna> 801 0$aIT$bUNINA$gRICA$2UNIMARC 901 $aBK 912 $a990001096490403321 952 $a22B-015.054$b16930$fFI1 959 $aFI1 996 $aFrontiers and borderlines in many-particle physics$9335425 997 $aUNINA LEADER 02314oam 2200625M 450 001 9910716318703321 005 20200213070630.7 035 $a(CKB)5470000002520952 035 $a(OCoLC)1066022163 035 $a(OCoLC)995470000002520952 035 $a(EXLCZ)995470000002520952 100 $a20071213d1926 ua 0 101 0 $aeng 135 $aurcn||||||||| 181 $ctxt$2rdacontent 182 $cc$2rdamedia 183 $acr$2rdacarrier 200 10$aStandard weights for loaves of bread. June 8, 1926. -- Committed to the Committee of the Whole House on the State of the Union and ordered to be printed 210 1$a[Washington, D.C.] :$c[U.S. Government Printing Office],$d1926. 215 $a1 online resource (8 pages) 225 1 $aHouse report / 69th Congress, 1st session. House ;$vno. 1411 225 1 $a[United States congressional serial set ] ;$v[serial no. 8534] 300 $aMinority report, p. 8. 300 $aBatch processed record: Metadata reviewed, not verified. Some fields updated by batch processes. 300 $aFDLP item number not assigned. 606 $aBakers 606 $aBakeries 606 $aBread 606 $aFood law and legislation 606 $aFood prices 606 $aLegislative amendments 606 $aAppellate courts$xRules and practice 606 $aWeights and measures 606 $aStandards 608 $aLegislative materials.$2lcgft 615 0$aBakers. 615 0$aBakeries. 615 0$aBread. 615 0$aFood law and legislation. 615 0$aFood prices. 615 0$aLegislative amendments. 615 0$aAppellate courts$xRules and practice. 615 0$aWeights and measures. 615 0$aStandards. 701 $aAswell$b James B$g(James Benjamin),$f1869-1931$pDemocrat (LA)$01412283 701 $aHaugen$b Gilbert Nelson$f1859-1933$pRepublican (IA)$01386820 701 $aTincher$b J. N$g(Jasper Napoleon),$f1878-1951$pRepublican (KS)$01408979 801 0$bWYU 801 1$bWYU 801 2$bOCLCO 801 2$bOCLCQ 906 $aBOOK 912 $a9910716318703321 996 $aStandard weights for loaves of bread. June 8, 1926. -- Committed to the Committee of the Whole House on the State of the Union and ordered to be printed$93505331 997 $aUNINA